Govt. of
Madhya Pradesh

भारत का भूगोल तथ्‍य एवं मूलभूत सिद्धांत (Record no. 66278)

MARC details
000 -LEADER
fixed length control field 00347nam a22001097a 4500
082 ## - DEWEY DECIMAL CLASSIFICATION NUMBER
Classification number 910
100 ## - MAIN ENTRY--AUTHOR NAME
Personal name Study IQ
245 ## - TITLE STATEMENT
Title भारत का भूगोल तथ्‍य एवं मूलभूत सिद्धांत
260 ## - PUBLICATION, DISTRIBUTION, ETC. (IMPRINT)
Place of publication दिल्‍ली
Name of publisher Study IQ Pub
Year of publication 2023
650 ## - SUBJECT ADDED ENTRY--TOPICAL TERM
Topical Term भूूगोल
942 ## - ADDED ENTRY ELEMENTS (KOHA)
Koha item type Hindi Books
Holdings
Withdrawn status Lost status Damaged status Not for loan Home library Current library Date acquired Full call number Accession Number Price effective from Koha item type
        MACL MACL 29/10/2023 910 DPI001520 29/10/2023 Hindi Books